Purchasing principles and management

Bibliographic Details
Main Authors: Baily, Peter J. H. (Author), Farmer, David H. (Author)
Format: Book
Published: London : ELBS/Pitman , c1990
Edition:6th ed.
Subjects:

MARC

LEADER 00000cam a2200000 7i4500
001 0000008903
005 20210112093000.0
008 021119n
020 |a 027303314X 
050 0 0 |a HF5437   |b .B3415 
090 0 0 |a HF5437   |b .B3415 1990 
100 0 |a Baily, Peter J. H. ,   |e author 
245 0 0 |a Purchasing principles and management   |c Peter Baily, David Farmer 
250 |a 6th ed. 
260 2 |a London :   |b ELBS/Pitman ,   |c c1990 
300 |a 342 p. ; ;   |c 23 cm. 
500 |a Includes bibliographical references and index 
650 0 |a Industrial procurement   |x Management 
650 0 |a Purchasing   |x Management 
700 0 |a Farmer, David H. ,   |e author 
999 |a 1000022433   |b Book   |c OPEN SHELF (30 DAYS)   |e Gong Badak Campus